Náhradné dielce: rozdeľuj a panuj
Stratégia riadenia manažmentu náhradných dielcov a nový horizont internej logistiky. Zabezpečenie výroby z hľadiska produktivity a znižovanie nákladov. Pojem generatívna výroba (Additive Manufacturing). Rýchle a nenákladné zhotovovanie modelov, vzorov, prototypov, nástrojov a koncových výrobkov.
Gespeichert in:
| 1. Verfasser: | |
|---|---|
| Format: | Buchkapitel |
| Sprache: | Slowakisch |
| Schlagworte: | |
| Tags: |
Keine Tags, Fügen Sie das erste Tag hinzu!
|
MARC
| LEADER | 00000naa a2200000 4500 | ||
|---|---|---|---|
| 001 | 0213990 | ||
| 005 | 20230912114947.4 | ||
| 041 | 0 | |a slo | |
| 044 | |a SK | ||
| 245 | 1 | 0 | |a Náhradné dielce: rozdeľuj a panuj |c Peter Marianyi |
| 520 | |a Stratégia riadenia manažmentu náhradných dielcov a nový horizont internej logistiky. Zabezpečenie výroby z hľadiska produktivity a znižovanie nákladov. Pojem generatívna výroba (Additive Manufacturing). Rýchle a nenákladné zhotovovanie modelov, vzorov, prototypov, nástrojov a koncových výrobkov. | ||
| 610 | 2 | 0 | |a organizácia procesov výrobných |
| 610 | 2 | 0 | |a linky výrobné |
| 610 | 2 | 0 | |a súčiastky |
| 610 | 2 | 0 | |a technológie nové |
| 610 | 2 | 0 | |a logistika podniková |
| 610 | 2 | 0 | |a podnik výrobný |
| 610 | 2 | 0 | |a náklady a ceny |
| 100 | 1 | |a Marianyi, Peter | |